Gaming Quiz

Random Gaming or Video Games Quiz
Score 0/20 Timer 05:00
0 Plays Today
Question Answer Wrong Answers
Luigi (Mario) Bowser (Mario)
92.3%
Dr. Eggman (Sonic)
2.6%
Manny Calavera (Grim Fandango) Mercedes 'Meche' Colomar (Grim Fandango)
90.4%
Sweet Tooth (Twisted Metal)
4.2%
Tails (Sonic) Amy Rose (Sonic)
89.6%
Spyro (Spyro The Dragon)
5%
Jigglypuff (Pokemon) Mewtwo (Pokemon)
89.2%
Ratchet (Ratchet & Crank)
5.8%
Guile (Street Fighter) Sagat (Street Fighter)
88.1%
Leonardo (TMNT)
6.8%
Carl 'CJ' Johnson (Grand Theft Auto) Michael De Santa (Grand Theft Auto)
87.7%
Lara Croft (Tomb Raider)
6.8%
Krang (TMNT) Splinter (TMNT)
85.7%
Bomb (Angry Birds)
9.2%
James Bond (Goldeneye) Alec Trevelyan (Goldeneye)
82.8%
Tommy Vercetti (Grand Theft Auto)
12.2%
Goro (Mortal Kombat) Shang Tsung (Mortal Kombat)
82.2%
Link (Zelda)
12.2%
Gordon Freeman (Half Life) Barney Calhoun (Half Life)
81.7%
Duke Nukem (Duke Nukem)
13.2%
Simon Belmont (Castlevania) Alucard (Castlevania)
81.4%
Geralt Of Rivia (Elder Scrolls)
13.2%
Mitsurugi (Soul Calibur) Voldo (Soul Calibur)
81.1%
Kratos (God Of War)
13.9%
Crash (Crash Bandicoot) Dr. Neo Cortex (Crash Bandicoot)
80.8%
Starfox (Starfox)
14.1%
Captain John 'Soap' MacTavish (Call Of Duty) Ghost (Call Of Duty)
76.8%
Master Chief (Halo)
17.9%
Jill Valentine (Resident Evil) Albert Wesker (Resident Evil)
71.6%
Sephiroth (Final Fantasy)
23.2%
Piston Hondo (Punchout!) Super Macho Man (Punchout!)
67.1%
Balrog (Street Fighter)
28%
Max Payne (Max Payne) Nicole Horne (Max Payne)
59%
Bonnie MacFarlane (Red Dead Redemption)
35.7%
Solid Snake (Metal Gear Solid) Skull Face (Metal Gear Solid)
58.8%
Commander Shepard (Mass Effect)
35.7%
Samus Aran Chozo (Metroid)
57.2%
Rayne (Bloodrayne)
37.5%
Ryu Hayabusa (Ninja Gaiden) Irene Lew (Ninja Gaiden)
42.5%
Raiden (Mortal Kombat)
52.2%
Remove Ads.
Support Sporcle.
Get the best of Sporcle when you Go Orange. This ad-free experience offers more features, more stats, and more fun while also helping to support Sporcle. Thank you for becoming a member.

You're not logged in!

Compare scores with friends on all Sporcle quizzes.
OR
Log In

Sporcle TV

Today on Sporcle TV


Watch our educational content, quiz creation guides, and fun videos on Sporcle TV.

Show Comments

Extras

Top Quizzes Today


Score Distribution

Paid Content

Your Account Isn't Verified!

In order to create a playlist on Sporcle, you need to verify the email address you used during registration. Go to your Sporcle Settings to finish the process.

Report this User

Report this user for behavior that violates our Community Guidelines.

Details: